| 000 | 00465nam a2200133Ia 4500 | ||
|---|---|---|---|
| 008 | 230917s9999||||xx |||||||||||||| ||und|| | ||
| 040 |
_e76098 _aMAIN |
||
| 041 | _aEnglish | ||
| 082 | _a658.3 S86H | ||
| 245 | 0 | _aHuman problems of shift work: A study of the socio-psychological processes in worker adjustment of shift work in industry | |
| 260 |
_aNew Delhi _bShri Ram Centre for Industrial Relations & Human Resources _c1970 |
||
| 300 | _axx, 247 p. | ||
| 942 | _cBK | ||
| 999 |
_c215570 _d215570 |
||